Artists Beginning With F - Statistics

General Stats
  • This quiz has been taken 321 times
  • The average score is 6 of 14
Answer Stats
Hint Answer % Correct
Fly Me To The Moon Frank Sinatra
85%
Everlong Foo Fighters
61%
Take Me Out Franz Ferdinand
57%
Killing Me Softly With His Song Fugees
55%
We Are Young fun.
51%
Little Lies Fleetwood Mac
47%
Whistle Flo Rida
45%
Pumped Up Kicks Foster The People
43%
Big Girls Don't Cry (Personal) Fergie
42%
Dog Days Are Over Florence & The Machine
42%
How to Save a Life The Fray
41%
Chelsea Dagger The Fratellis
29%
Insomnia Faithless
16%
Wrong Side of Heaven Five Finger Death Punch
8%
No matching quizzes found
Score Distribution
Percent of People with Each Score
Percentile by Number Answered
Your Score History
You have not taken this quiz